00634nam a22002057a 450000500170000001000130001702000190003003500130004903700160006204000120007808200170009010000200010724500790012726000480020627000470025430000240030150000510032565000150037665000370039120170124105928.0 aA-808756 c00a8171006933 aA-808756 bCen Lib/Ret aDPLbEN a330.954bGED aGedam, Ratnakar aEconomic reforms in India :cby Ratnakar Gedambexperiences and lessions / aNew Delhi bDeep & Deep Publications c1996 bNew Delhi aF-159, rajouri garden e110027 axv, 275p.c20cm(Hb) aIncludes bibliographical references and index  aEconomics  aPlanning & developments yIndia